Movies Quiz

Random Movies or Actor Quiz

Films by Characters in Other Films II Quiz Stats

Quiz Updated Feb 19, 2016

Challenge
Share
Tweet
Embed
Score 0/26 Timer 08:00
1 Play Today
Movie Description Movie % Correct
Zoolander clashes with Jake La Motta, his future father-in-lawMeet the Parents
85.8%
Donnie Darko and the Joker get a little intimate while campingBrokeback Mountain
80.6%
Tyler Durden grows older and younger with Katharine HepburnThe Curious Case of Benjamin Button
77.9%
Dirty Harry and God coach a boxerMillion Dollar Baby
76.6%
Gertie and the Waterboy fall in love over and over50 First Dates
76.3%
Clark Griswold & Dr. Peter Venkman get into trouble on a golf courseCaddyshack
69.8%
The Grinch romances Princess Fiona after finding a mysterious objectThe Mask
66.8%
Sirius Black hijacks Indiana Jones' plane, leaving Cruella De Vil in controlAir Force One
66.2%
Borat and Ron Burgundy race to the finish lineTalladega Nights: The Ballad of Ricky Bobby
60.6%
William Wallace and Little Miss Sunshine fight off aliensSigns
57.9%
Idi Amin breaks into Clarice Starling's NYC housePanic Room
55.4%
Jack Ryan helps to defeat Mufasa in spaceStar Wars
54.8%
Jason Bourne and Jack Dawson play a game of cat and mouse while Jack Torrance deals some drugsThe Departed
54.6%
Movie Description Movie % Correct
The Nutty Professor and a Blues Brother switch livesTrading Places
48.1%
Julia Child and Rain Man go to courtKramer vs. Kramer
47.3%
Malcolm X and Erin Brockovich are caught up in a murder caseThe Pelican Brief
44.4%
Ben-Hur and the King of Siam get biblicalThe Ten Commandments
43.3%
The White Witch tries to kill Danny Ocean after he discovers some corporate deceitMichael Clayton
37%
Roxie Hart and Mr. Darcy fall in loveBridget Jones's Diary
32.7%
Cool Hand Luke and Jerry Maguire shoot poolThe Color of Money
31.5%
Leigh Anne Tuohy and the soon-to-be Green Lantern go to AlaskaThe Proposal
30.8%
Scarlett O'Hara moves in with Vito CorleoneA Streetcar Named Desire
28%
Wolverine, Frodo, Mrs. Doubtfire, Virginia Woolf and Agent Smith dance on iceHappy Feet
16.5%
Maximus and Regina George investigate Washington intrigueState of Play
15.1%
George Bailey falls in love with a delusional woman much to Miss Ellie Ewing's dislikeVertigo
14.6%
Randy the Ram and John McClane get 'comical'Sin City
12.3%

You're not logged in!

Compare scores with friends on all Sporcle quizzes.
Join for Free
OR
Log In

You Might Also Like...

Show Comments

Extras

Top Quizzes Today


Score Distribution

Your Account Isn't Verified!

In order to create a playlist on Sporcle, you need to verify the email address you used during registration. Go to your Sporcle Settings to finish the process.

Report this User

Report this user for behavior that violates our Community Guidelines.

Details: